LEADER 01569nam a2200337 a 4500 001 000000153442 003 CaOOAMICUS 005 20160902125136.0 008 160902s2016 it u000 u ita r 020 $a978-88-08-06507-0* 032 $aLibriCat 040 $aPUL$bita 082 04$a347.4505 100 1 $aCuomo Ulloa, Francesca.$0(OLS)http://pul/name/79448 245 10$aDell'estinzione del processo :$bart. 306-310 /$cFrancesca Cuomo Ulloa. 260 $aBologna :$bZanichelli,$c©2016. 300 $aXVI, 411 p. ;$c24 cm. 490 1 $aCommentario del Codice di Procedura civile.$aLibro secondo.$aDel processo di cognizione ;$vart. 306-310 500 $aLa collana è curata da Sergio Chiarloni. 504 $aContiene riferimenti bibliografici e indice. 650 4$aProcesso civile.$0(OLS)http://pul/subject/21811 700 1 $aChiarloni, Sergio.$0(OLS)http://pul/name/12062 830 0$aCommentario del codice di procedura civile.$nLibro secondo.$pDel processo di cognizione ;$vart. 306-310.$0(OLS)http://pul/title/192912 850 $aPUL 852 $aPUL$W1$xSL Diritto e Scienze Sociali 3$y79$m347. 4505 CHISE 1.306$j176692$qDDC 21$B179324$CPULBib$Z2$F179324 $H128102 $81 941 1 $a9 996 $6020$a978-88-08-06507-0*$9(OLS)http://pul/number/160862 996 $6082$a347.4505$9(OLS)http://pul/classification/2032 996 $6245$aDell'estinzione del processo :$bart. 306-310$9(OLS)http://pul/title/192911 996 $6260$aBologna :$bZanichelli$9(OLS)http://pul/publisher/48255 LEADER 01740nam a2200349 u 4500 001 000000105077 003 CaOOAMICUS 005 20070517150142.0 008 070517m19031978enk u000 u grc u 020 $a0-19-814544-6 (vol. 4) 020 $a0-19-814542-X (v. 3) 040 $aPUL$bita$dLDB 100 0 $aPlato,$d427-347 a.C.$0(OLS)http://pul/name/250 245 10$aPlatonis opera /$crecognovit brevique adnotatione critica instruxit Ioannes Burnet. 260 $aOxonii :$be Typographeo Clarendoniano,$c1903-1978. 300 $av. <3-4> ;$c20 cm 490 1 $aScriptorum classicorum bibliotheca Oxoniensis 500 $aRistampa. 505 1 $a v.3: Tetralogias V-VII continens -- v.4: Tetralogia VIII continens. 700 1 $aBurnet, John,$d1863-1928.$0(OLS)http://pul/name/251 700 0 $aPlato,$d427-347 a.C.$tOpere.$0(OLS)http://pul/nameTitle/311$0(OLS)http://pul/name/250$0(OLS)http://pul/title/5258 830 0$aScriptorum classicorum bibliotheca Oxoniensis.$0(OLS)http://pul/title/310 850 $aPUL 852 $aPUL$W1$xSL Cons. Gen., Altre Classi 3$y75$m880 COLL 1.PLA.4$j117699$qDDC 21$B117644$CPULBib$Z2$F117644 $H102532 $82 852 $aPUL$W1$xSL Cons. Gen., Altre Classi 3$y75$m880 COLL 1.PLA.3$j117700$qDDC 21$B117645$CPULBib$Z2$F117645 $H102531 $82 900 $aPlatone,$d427-347 a.C.$9250 900 $aPlatone,$d427-347 a.C.$9250 941 1 $a9 996 $6020$a0-19-814544-6 (vol. 4)$9(OLS)http://pul/number/134367 996 $6020$a0-19-814542-X (v. 3)$9(OLS)http://pul/number/134368 996 $6245$aPlatonis opera$9(OLS)http://pul/title/309 996 $6260$aOxonii :$be Typographeo Clarendoniano$9(OLS)http://pul/publisher/47994